Statystyki dla państwa które graniczą z...

Kliknij tutaj aby rozwiązać quiz!

Ogólne statystyki

  • Ten quiz został rozwiązany 29 razy
  • Średni wynik to 6 z 7

Statystyki odpowiedzi

HintOdpowiedź% Poprawnych
Polska, Niemcy, Słowacja, AustriaCzechy
100%
Francja, Belgia, NiemcyLuksemburg
96%
Brazylia, Surinam , WenezuelaGujana
85%
Algieria, MauretaniaMaroko
81%
Libia, Niger, Nigeria, Sudan, Kamerun, Republika środkowo afrykańskaCzad
78%
Togo, Burkina faso, wybrzeże kości słoniowejGhana
78%
Nikaragua, PanamaKostaryka
74%

Rozkład punktacji

Percentyl według liczby udzielonych odpowiedzi

Procent ludzi z każdym wynikiem

Twoja historia wyników

Nie rozwiązałeś tego quizu